grown ups 2 character - Statistics

General Stats
  • This quiz has been taken 371 times
  • The average score is 5 of 12
Answer Stats
Hint Answer % Correct
Adam Sandler Lenny
97%
Kevin James Eric
50%
David Spade Marcus
46%
Salma Hayek Roxanne
45%
Chris Rock Kurt
43%
Cameron Boyce Keithie
35%
Alexys Nycole Sanchez Becky
32%
Maya Rudolph Deanne
32%
Maria Bello Sally
31%
Nick Swardson Nick
30%
Ada-Nicole Sanger Donna
21%
Oliver Hudson Kyle
18%
No matching quizzes found
Score Distribution
Percent of People with Each Score
Percentile by Number Answered
Your Score History
You have not taken this quiz